[Event "Skakliga 2007-08"]
[Site "Denmark"]
[Date "2008.04.12"]
[Round "8.6"]
[White "Rath, Ulrik"]
[Black "Helledie, Anders"]
[Result "1/2-1/2"]
[WhiteElo "2316"]
[BlackElo "2121"]
[PlyCount "39"]
[EventDate "2007.11.10"]
[EventType "team-tourn"]
[EventRounds "9"]
[EventCountry "DEN"]
[Source "ChessBase"]
[SourceDate "2003.11.25"]
[WhiteTeam "Sydostfyn"]
[BlackTeam "Jetsmark"]
[WhiteTeamCountry "DEN"]
[BlackTeamCountry "DEN"]

1. c4 g6 2. Nc3 Bg7 3. d4 Nf6 4. Nf3 d6 5. Bg5 O-O 6. e3 c5 7. h3 Bf5 8. Bd3
cxd4 9. Nxd4 Bxd3 10. Qxd3 Nbd7 11. O-O Rc8 12. b3 Qa5 13. Bh4 Ne5 14. Qc2 Nxc4
15. bxc4 Rxc4 16. Rac1 Rfc8 17. Qd2 Rxc3 18. Bxf6 Bxf6 19. Ne2 Qc5 20. Nxc3
1/2-1/2

[Event "Skakliga 2007-08"]
[Site "Denmark"]
[Date "2008.04.12"]
[Round "8.7"]
[White "Rathlev, Jakob"]
[Black "Jepsen, Thomas"]
[Result "1-0"]
[WhiteElo "2160"]
[BlackElo "2073"]
[PlyCount "53"]
[EventDate "2007.11.10"]
[EventType "team-tourn"]
[EventRounds "9"]
[EventCountry "DEN"]
[Source "ChessBase"]
[SourceDate "2003.11.25"]
[WhiteTeam "Jetsmark"]
[BlackTeam "Sydostfyn"]
[WhiteTeamCountry "DEN"]
[BlackTeamCountry "DEN"]

1. c4 Nf6 2. g3 d6 3. Bg2 c5 4. Nc3 g6 5. e4 Bg7 6. Nge2 O-O 7. O-O Na6 8. d3
Rb8 9. h3 Nc7 10. Be3 a6 11. Qd2 b5 12. Rad1 b4 13. Nd5 Ncxd5 14. exd5 e5 15.
dxe6 Bxe6 16. b3 Qc8 17. Nf4 Bd7 18. d4 Re8 19. dxc5 dxc5 20. Qd6 g5 21. Nd5
Nxd5 22. Rxd5 Bxh3 23. Rxg5 Kh8 24. Rxg7 Re6 25. Bxh3 Rxd6 26. Bxc8 Kxg7 27.
Bf4 1-0

[Event "Skakliga 2007-08"]
[Site "Denmark"]
[Date "2008.04.12"]
[Round "8.8"]
[White "Nohr, Finn"]
[Black "Rasmussen, Henning Lau"]
[Result "1/2-1/2"]
[WhiteElo "2058"]
[BlackElo "2104"]
[PlyCount "86"]
[EventDate "2007.11.10"]
[EventType "team-tourn"]
[EventRounds "9"]
[EventCountry "DEN"]
[Source "ChessBase"]
[SourceDate "2003.11.25"]
[WhiteTeam "Sydostfyn"]
[BlackTeam "Jetsmark"]
[WhiteTeamCountry "DEN"]
[BlackTeamCountry "DEN"]

1. e4 c6 2. d4 d5 3. exd5 cxd5 4. c4 Nf6 5. Nc3 Nc6 6. Nf3 e6 7. c5 Be7 8. Bb5
Qc7 9. O-O O-O 10. Re1 Bd7 11. Bg5 b6 12. Bxc6 Bxc6 13. b4 bxc5 14. bxc5 Ne4
15. Bxe7 Qxe7 16. Qc2 f6 17. Nd2 Rad8 18. Nb3 Qc7 19. f3 Nxc3 20. Qxc3 Rfe8 21.
Re3 e5 22. Rae1 e4 23. Qa5 Qb8 24. g3 exf3 25. Rxf3 Re4 26. Rfe3 Rde8 27. Qc3
f5 28. Nd2 Rxe3 29. Rxe3 f4 30. Rxe8+ Bxe8 31. Qb3 Qxb3 32. Nxb3 fxg3 33. hxg3
Kf7 34. Kf2 h5 35. Nd2 Ke6 36. Nf3 Bd7 37. Ne5 Bc8 38. Kf3 g5 39. Nc6 a6 40. a3
Kd7 41. Ne5+ Ke6 42. Nc6 Kd7 43. Ne5+ Ke6 1/2-1/2

[Event "Skakliga 2007-08"]
[Site "Denmark"]
[Date "2008.04.12"]
[Round "8.1"]
[White "Lund, Silas"]
[Black "Kulaots, Kaido"]
[Result "0-1"]
[WhiteElo "2401"]
[BlackElo "2547"]
[PlyCount "68"]
[EventDate "2007.11.10"]
[EventType "team-tourn"]
[EventRounds "9"]
[EventCountry "DEN"]
[Source "ChessBase"]
[SourceDate "2003.11.25"]
[WhiteTeam "K41"]
[BlackTeam "Aalborg"]
[WhiteTeamCountry "DEN"]
[BlackTeamCountry "DEN"]

1. d4 Nf6 2. c4 e6 3. Nc3 Bb4 4. e3 O-O 5. Bd3 d5 6. Nf3 c5 7. O-O dxc4 8. Bxc4
Qe7 9. Qe2 Nc6 10. a3 Ba5 11. h3 a6 12. Ne5 Nxe5 13. dxe5 Nd7 14. f4 b5 15. Bd3
c4 16. Bc2 Bb7 17. a4 Rfd8 18. Ne4 Bb4 19. Rd1 Bxe4 20. Bxe4 Rab8 21. axb5 axb5
22. Ra7 Bc5 23. Ra6 Bb6 24. Bd2 Nc5 25. Bb4 Rxd1+ 26. Qxd1 Qc7 27. Bxc5 Qxc5
28. Kh2 Qxe3 29. Qf3 Qg1+ 30. Kg3 g6 31. h4 Qe1+ 32. Kh3 Qh1+ 33. Kg3 Bd8 34.
h5 Qh4# 0-1

[Event "Skakliga 2007-08"]
[Site "Denmark"]
[Date "2008.04.12"]
[Round "8.2"]
[White "Pedersen, Nicolai Vesterbaek"]
[Black "Smith, Axel"]
[Result "0-1"]
[WhiteElo "2454"]
[BlackElo "2384"]
[PlyCount "79"]
[EventDate "2007.11.10"]
[EventType "team-tourn"]
[EventRounds "9"]
[EventCountry "DEN"]
[Source "ChessBase"]
[SourceDate "2003.11.25"]
[WhiteTeam "Aalborg"]
[BlackTeam "K41"]
[WhiteTeamCountry "DEN"]
[BlackTeamCountry "DEN"]

1. d4 d5 2. c4 c6 3. Nf3 e6 4. e3 Nf6 5. Nc3 Nbd7 6. Qc2 Bd6 7. e4 dxe4 8. Nxe4
Nxe4 9. Qxe4 Bb4+ 10. Bd2 Bxd2+ 11. Nxd2 O-O 12. O-O-O Nf6 13. Qh4 b5 14. c5 a5
15. Bd3 Ba6 16. Ne4 Nxe4 17. Qxe4 g6 18. h4 Qd5 19. h5 Qxe4 20. Bxe4 Rac8 21.
Kd2 g5 22. h6 f5 23. Bc2 Kf7 24. g4 Kf6 25. Ke3 Rcd8 26. f4 Rg8 27. Rhg1 Bc8
28. Rg3 gxf4+ 29. Kxf4 Rxd4+ 30. Rxd4 e5+ 31. Ke3 exd4+ 32. Kf4 fxg4 33. Bxh7
Rh8 34. Be4 Rxh6 35. Bxc6 Rh5 36. Bxb5 Rxc5 37. Be2 Rf5+ 38. Ke4 Re5+ 39. Kd3
Ba6+ 40. Kxd4 0-1

[Event "Skakliga 2007-08"]
[Site "Denmark"]
[Date "2008.04.12"]
[Round "8.3"]
[White "Ost Hansen, Jacob"]
[Black "Luch, Michal"]
[Result "0-1"]
[WhiteElo "2415"]
[BlackElo "2389"]
[PlyCount "122"]
[EventDate "2007.11.10"]
[EventType "team-tourn"]
[EventRounds "9"]
[EventCountry "DEN"]
[Source "ChessBase"]
[SourceDate "2003.11.25"]
[WhiteTeam "K41"]
[BlackTeam "Aalborg"]
[WhiteTeamCountry "DEN"]
[BlackTeamCountry "DEN"]

1. g3 g6 2. Bg2 Bg7 3. e4 c5 4. d3 Nc6 5. Nc3 d6 6. Nh3 Rb8 7. O-O h5 8. Be3 b5
9. a3 a5 10. f3 b4 11. Na4 Bd7 12. axb4 axb4 13. Nf2 h4 14. g4 e5 15. f4 exf4
16. Bxf4 Qe7 17. c3 Be5 18. Be3 h3 19. Bf3 Bf6 20. d4 cxd4 21. cxd4 Bg5 22. Re1
Bxe3 23. Rxe3 Qg5 24. Qd3 Kf8 25. b3 Nh6 26. Kh1 Kg7 27. Rg1 f6 28. Bd1 Nf7 29.
Rxh3 Qf4 30. Kg2 Ng5 31. Rxh8 Rxh8 32. h3 Rb8 33. Bc2 Ne6 34. e5 Be8 35. exf6+
Qxf6 36. Ne4 Qxd4 37. Rf1 Qxd3 38. Bxd3 Ne5 39. Bb1 Bc6 40. Kg3 Nd4 41. Nxd6
Nxb3 42. Nb2 Rd8 43. Rd1 Rf8 44. Be4 Bxe4 45. Nxe4 Rf3+ 46. Kg2 Re3 47. Nf2 Nc5
48. Kf1 Rb3 49. Rd2 Rc3 50. Rd5 Nc6 51. Rd6 Rc1+ 52. Ke2 Rc2+ 53. Rd2 Rc3 54.
Nbd1 Rc1 55. Nd3 Nxd3 56. Rxd3 Ne5 57. Rb3 Nc6 58. Rd3 Kh6 59. Kd2 Rc5 60. h4
Ne5 61. Re3 Nc4+ 0-1

[Event "Skakliga 2007-08"]
[Site "Denmark"]
[Date "2008.04.12"]
[Round "8.4"]
[White "Pedersen, Daniel V"]
[Black "Greger, Roland Reinhard"]
[Result "0-1"]
[WhiteElo "2235"]
[BlackElo "2359"]
[PlyCount "120"]
[EventDate "2007.11.10"]
[EventType "team-tourn"]
[EventRounds "9"]
[EventCountry "DEN"]
[Source "ChessBase"]
[SourceDate "2003.11.25"]
[WhiteTeam "Aalborg"]
[BlackTeam "K41"]
[WhiteTeamCountry "DEN"]
[BlackTeamCountry "DEN"]

1. e4 e6 2. d4 d5 3. Nc3 Nf6 4. Bg5 dxe4 5. Nxe4 Be7 6. Bxf6 gxf6 7. Nf3 b6 8.
Bc4 Bb7 9. Qe2 c6 10. O-O-O Qc7 11. Kb1 Nd7 12. Rhe1 O-O-O 13. Ba6 Rhg8 14.
Bxb7+ Kxb7 15. g3 f5 16. Nc3 Bb4 17. Qc4 Bxc3 18. Qxc3 Nf6 19. Qe3 h5 20. c3
Ng4 21. Qe2 Nf6 22. Nh4 Qd6 23. Ng2 Rd7 24. h4 Rg4 25. Nf4 Rxf4 26. gxf4 Qxf4
27. Rh1 Ne4 28. Rh3 Nxf2 29. Rf3 Qe4+ 30. Qxe4 Nxe4 31. Kc2 Nf6 32. Kd3 Ng4 33.
Ke2 Kc7 34. c4 Nf6 35. Ra3 Kd6 36. c5+ Ke7 37. cxb6 axb6 38. Rc3 Nd5 39. Rb3 b5
40. Rg3 Nf4+ 41. Kf3 Ng6 42. Rg5 Nxh4+ 43. Kf2 Ng6 44. Rxh5 c5 45. Ke3 Rd5 46.
Rhh1 f4+ 47. Ke4 f5+ 48. Kf3 cxd4 49. Rh6 Ne5+ 50. Kxf4 d3 51. b3 Ng4 52. Rh7+
Kf6 53. Rc7 e5+ 54. Kf3 e4+ 55. Kf4 e3 56. Rc6+ Ke7 57. Rh1 Rd6 58. Rc3 Kf6 59.
Rc5 Rd4+ 60. Kf3 b4 0-1

[Event "Skakliga 2007-08"]
[Site "Denmark"]
[Date "2008.04.12"]
[Round "8.5"]
[White "Semcesen, Daniel"]
[Black "Nielsen, Steffen Slumstrup"]
[Result "1-0"]
[WhiteElo "2346"]
[BlackElo "2226"]
[PlyCount "139"]
[EventDate "2007.11.10"]
[EventType "team-tourn"]
[EventRounds "9"]
[EventCountry "DEN"]
[Source "ChessBase"]
[SourceDate "2003.11.25"]
[WhiteTeam "K41"]
[BlackTeam "Aalborg"]
[WhiteTeamCountry "DEN"]
[BlackTeamCountry "DEN"]

1. d4 Nf6 2. c4 g6 3. Nc3 Bg7 4. e4 d6 5. Nf3 O-O 6. h3 e5 7. d5 a5 8. Bg5 h6
9. Be3 Na6 10. Nd2 c6 11. Be2 cxd5 12. cxd5 Nc5 13. O-O Bd7 14. Rb1 Qb8 15. b4
axb4 16. Rxb4 Ra3 17. Qc1 Ra7 18. Qb1 Ne8 19. Rc1 f5 20. f3 Rf7 21. Bb5 Qd8 22.
Nc4 fxe4 23. fxe4 Bf6 24. Bxd7 Qxd7 25. Nxd6 Nxd6 26. Bxc5 Ra6 27. Qd3 Bg5 28.
Rf1 Rxf1+ 29. Kxf1 Ra8 30. Rb2 Qc7 31. Bf2 b5 32. h4 Bf6 33. Kg1 Rc8 34. Rb3 b4
35. Nb5 Qc1+ 36. Kh2 Rc2 37. Qg3 Nxb5 38. Qxg6+ Bg7 39. Rg3 Rc7 40. Qe8+ Kh7
41. Qxb5 Qf4 42. Qe2 Qxh4+ 43. Rh3 Qf4+ 44. Bg3 Qf6 45. Rh5 Qg6 46. Rf5 Rc3 47.
Qf2 Rc4 48. Qf3 Rc3 49. Qf2 Rc4 50. Bxe5 Rxe4 51. Bg3 Rd4 52. d6 Rd3 53. Rb5
Bf6 54. Qf4 Rd4 55. Qf2 Rd3 56. Bf4 Qg4 57. g3 Qg6 58. Rc5 Bd4 59. Rc7+ Kg8 60.
Qe2 Bf6 61. Qe6+ Kh8 62. Rf7 Qh5+ 63. Kg2 Qf3+ 64. Kh2 Qf2+ 65. Kh3 Qf1+ 66.
Kg4 Qd1+ 67. Kf5 Rd5+ 68. Kxf6 Qd4+ 69. Be5 Qf2+ 70. Ke7+ 1-0

[Event "Skakliga 2007-08"]
[Site "Denmark"]
[Date "2008.04.12"]
[Round "8.6"]
[White "Meyer, Lars August"]
[Black "Olesen, Martin"]
[Result "1/2-1/2"]
[WhiteElo "2222"]
[BlackElo "2295"]
[PlyCount "73"]
[EventDate "2007.11.10"]
[EventType "team-tourn"]
[EventRounds "9"]
[EventCountry "DEN"]
[Source "ChessBase"]
[SourceDate "2003.11.25"]
[WhiteTeam "Aalborg"]
[BlackTeam "K41"]
[WhiteTeamCountry "DEN"]
[BlackTeamCountry "DEN"]

1. d4 d5 2. c4 Nc6 3. Nf3 Bg4 4. e3 e6 5. Nc3 Bb4 6. Bd2 Nf6 7. cxd5 exd5 8.
Bb5 O-O 9. Bxc6 bxc6 10. Qa4 Bxc3 11. Bxc3 Bxf3 12. gxf3 Qd7 13. Bb4 Rfe8 14.
Rc1 Re6 15. Rc5 Qe8 16. Qa6 Nd7 17. Rxc6 Rxe3+ 18. fxe3 Nb8 19. Qd3 Nxc6 20.
Ba3 Qd7 21. Kd2 Re8 22. Rc1 Re6 23. Qb5 a6 24. Qxa6 Nxd4 25. Rxc7 Nxf3+ 26. Ke2
Nd4+ 27. Kd3 Rxa6 28. Rxd7 Ne6 29. Rxd5 g5 30. Ke2 Ra4 31. Kf2 h5 32. Kg3 Rg4+
33. Kf3 Rh4 34. Kg3 Rg4+ 35. Kf3 Rh4 36. Kg2 Rg4+ 37. Kf3 1/2-1/2

[Event "Skakliga 2007-08"]
[Site "Denmark"]
[Date "2008.04.12"]
[Round "8.7"]
[White "Naes, Flovin Tor"]
[Black "Hjorth, Torben"]
[Result "1-0"]
[WhiteElo "2243"]
[BlackElo "2151"]
[PlyCount "91"]
[EventDate "2007.11.10"]
[EventType "team-tourn"]
[EventRounds "9"]
[EventCountry "DEN"]
[Source "ChessBase"]
[SourceDate "2003.11.25"]
[WhiteTeam "K41"]
[BlackTeam "Aalborg"]
[WhiteTeamCountry "DEN"]
[BlackTeamCountry "DEN"]

1. e4 Nf6 2. Nc3 d5 3. exd5 Nxd5 4. Bc4 Nxc3 5. bxc3 e6 6. Nf3 Be7 7. d4 O-O 8.
O-O b6 9. Ne5 Ba6 10. Bxa6 Nxa6 11. Nc6 Qd7 12. Qf3 Bf6 13. Re1 Qd5 14. Qxd5
exd5 15. Ba3 Rfe8 16. Rxe8+ Rxe8 17. Kf1 Nb8 18. Nxa7 Nd7 19. Nc6 Ra8 20. Be7
Ra4 21. Bb4 h5 22. a3 Kh7 23. Re1 Bg5 24. Ke2 Nf6 25. f3 h4 26. Kd3 Nh5 27. c4
Nf4+ 28. Kc3 dxc4 29. Kxc4 Ra8 30. g3 Ng2 31. Re4 Bc1 32. Kb3 h3 33. Re7 f6 34.
d5 Ne3 35. c4 Kg6 36. Nd4 Nf1 37. Re1 Nxh2 38. Rxc1 Re8 39. Rh1 Re3+ 40. Ka4
Nxf3 41. Nxf3 Rxf3 42. Rxh3 Kg5 43. Kb5 Kg4 44. Rh7 g5 45. Rxc7 Kxg3 46. d6 1-0

[Event "Skakliga 2007-08"]
[Site "Denmark"]
[Date "2008.04.12"]
[Round "8.8"]
[White "Nielsen, Jorgen G"]
[Black "Clausen, Steen"]
[Result "0-1"]
[WhiteElo "2149"]
[BlackElo "2240"]
[PlyCount "82"]
[EventDate "2007.11.10"]
[EventType "team-tourn"]
[EventRounds "9"]
[EventCountry "DEN"]
[Source "ChessBase"]
[SourceDate "2003.11.25"]
[WhiteTeam "Aalborg"]
[BlackTeam "K41"]
[WhiteTeamCountry "DEN"]
[BlackTeamCountry "DEN"]

1. d4 Nf6 2. c4 e6 3. Nc3 Bb4 4. e3 O-O 5. Bd3 d5 6. a3 Bxc3+ 7. bxc3 c5 8. Nf3
Qc7 9. Qc2 b6 10. Ne5 Nbd7 11. Nxd7 Bxd7 12. Bb2 dxc4 13. Bxc4 cxd4 14. cxd4
Rac8 15. Rc1 Bb5 16. Bd3 Qb7 17. Qe2 Rxc1+ 18. Bxc1 Bxd3 19. Qxd3 Qxg2 20. Qf1
Qf3 21. Rg1 Rc8 22. Bd2 Ne4 23. Qg2 Qxg2 24. Rxg2 Rc2 25. f3 Nxd2 26. Rxd2 Rc3
27. Ke2 Kf8 28. Rd3 Rxd3 29. Kxd3 Ke7 30. Kc4 a6 31. d5 Kd6 32. dxe6 fxe6 33.
f4 Kc6 34. e4 b5+ 35. Kd4 a5 36. Ke5 b4 37. axb4 axb4 38. Kd4 b3 39. Kc3 Kc5
40. f5 e5 41. h4 h5 0-1

[Event "Skakliga 2007-08"]
[Site "Denmark"]
[Date "2008.04.12"]
[Round "8.1"]
[White "Hillarp Persson, Tiger"]
[Black "Rasmussen, Karsten"]
[Result "1/2-1/2"]
[WhiteElo "2568"]
[BlackElo "2493"]
[PlyCount "112"]
[EventDate "2007.11.10"]
[EventType "team-tourn"]
[EventRounds "9"]
[EventCountry "DEN"]
[Source "ChessBase"]
[SourceDate "2003.11.25"]
[WhiteTeam "Bronshoj"]
[BlackTeam "Aarhus/Skolerne"]
[WhiteTeamCountry "DEN"]
[BlackTeamCountry "DEN"]

1. d4 d5 2. c4 c6 3. Nc3 Nf6 4. Nf3 e6 5. Bg5 h6 6. Bh4 dxc4 7. e4 g5 8. Bg3 b5
9. Be2 Bb7 10. O-O Nbd7 11. Ne5 Bg7 12. Nxf7 Kxf7 13. e5 Nd5 14. Ne4 Ke7 15.
Nd6 Qb6 16. Qc2 Raf8 17. Rad1 Rhg8 18. Bg4 Ba8 19. Rfe1 Nc7 20. Qh7 c5 21. d5
Bxd5 22. f4 Kd8 23. f5 Qc6 24. Rxd5 Nxd5 25. fxe6 N7b6 26. Bf3 Qc7 27. Nxb5 Qe7
28. Bxd5 Nxd5 29. Rd1 Qxe6 30. Qe4 Ke7 31. Rxd5 Qf5 32. Qe1 Rb8 33. Nd6 Qc2 34.
Rd2 Qg6 35. Nxc4 Rgd8 36. Nd6 Rb4 37. h3 Qe6 38. Rc2 Qxa2 39. Rxc5 Rxb2 40.
Rc7+ Rd7 41. Rxd7+ Kxd7 42. e6+ Qxe6 43. Qd1 Qe2 44. Qa4+ Ke6 45. Qe8+ Kd5 46.
Qa8+ Kc5 47. Qxa7+ Kb4 48. Qb7+ Ka3 49. Qa8+ Kb3 50. Qg8+ Kb4 51. Qb8+ Kc3 52.
Qc7+ Kb3 53. Qf7+ Kb4 54. Qb7+ Ka3 55. Qa7+ Kb3 56. Qf7+ Kb4 1/2-1/2

[Event "Skakliga 2007-08"]
[Site "Denmark"]
[Date "2008.04.12"]
[Round "8.2"]
[White "Sorensen, Jan"]
[Black "Hoi, Carsten"]
[Result "1/2-1/2"]
[WhiteElo "2423"]
[BlackElo "2409"]
[PlyCount "38"]
[EventDate "2007.11.10"]
[EventType "team-tourn"]
[EventRounds "9"]
[EventCountry "DEN"]
[Source "ChessBase"]
[SourceDate "2003.11.25"]
[WhiteTeam "Aarhus/Skolerne"]
[BlackTeam "Bronshoj"]
[WhiteTeamCountry "DEN"]
[BlackTeamCountry "DEN"]

1. e4 g6 2. d4 Bg7 3. Nc3 d6 4. f4 Nf6 5. Nf3 O-O 6. Be2 c5 7. dxc5 Qa5 8. O-O
Qxc5+ 9. Kh1 Bg4 10. Bd3 Nc6 11. Qe1 Nb4 12. Be3 Nxd3 13. cxd3 Qa5 14. Nd4 Bd7
15. Bg1 Qh5 16. Nf3 Bc6 17. Nd4 Bd7 18. Nf3 Bc6 19. Nd4 Bd7 1/2-1/2

[Event "Skakliga 2007-08"]
[Site "Denmark"]
[Date "2008.04.12"]
[Round "8.3"]
[White "Bromann, Thorbjorn"]
[Black "Rasmussen, Casper Dahl"]
[Result "0-1"]
[WhiteElo "2430"]
[BlackElo "2368"]
[PlyCount "62"]
[EventDate "2007.11.10"]
[EventType "team-tourn"]
[EventRounds "9"]
[EventCountry "DEN"]
[Source "ChessBase"]
[SourceDate "2003.11.25"]
[WhiteTeam "Bronshoj"]
[BlackTeam "Aarhus/Skolerne"]
[WhiteTeamCountry "DEN"]
[BlackTeamCountry "DEN"]

1. d4 d6 2. e4 Nf6 3. Nc3 e5 4. f4 Bg4 5. Qd3 exd4 6. Qxd4 Nc6 7. Bb5 Bd7 8.
Bxc6 Bxc6 9. Nf3 Be7 10. b3 d5 11. Ne5 dxe4 12. Nxc6 bxc6 13. Qc4 O-O 14. O-O
Re8 15. Rd1 Bd6 16. Qxc6 Qe7 17. Re1 Ng4 18. g3 Qf6 19. Kg2 Rad8 20. Rb1 Bb4
21. Qxf6 gxf6 22. Bb2 Rd2+ 23. Re2 Bxc3 24. Rxd2 Bxd2 25. h3 Ne3+ 26. Kf2 Nxc2
27. Ke2 e3 28. Bxf6 c5 29. a3 Nxa3 30. Ra1 Nb5 31. g4 Bc3 0-1

[Event "Skakliga 2007-08"]
[Site "Denmark"]
[Date "2008.04.12"]
[Round "8.5"]
[White "Carstensen, Jacob"]
[Black "Hagen, Andreas Skytte"]
[Result "1-0"]
[WhiteElo "2300"]
[BlackElo "2296"]
[PlyCount "57"]
[EventDate "2007.11.10"]
[EventType "team-tourn"]
[EventRounds "9"]
[EventCountry "DEN"]
[Source "ChessBase"]
[SourceDate "2003.11.25"]
[WhiteTeam "Bronshoj"]
[BlackTeam "Aarhus/Skolerne"]
[WhiteTeamCountry "DEN"]
[BlackTeamCountry "DEN"]

1. d4 Nf6 2. c4 e6 3. Nf3 b6 4. a3 Bb7 5. Nc3 d5 6. cxd5 Nxd5 7. Bd2 Be7 8. Qc2
Nd7 9. e4 Nxc3 10. Bxc3 O-O 11. Rd1 Qc8 12. Bd3 Ba6 13. O-O Rd8 14. Bxa6 Qxa6
15. d5 exd5 16. Rxd5 c6 17. Rh5 Qc4 18. Nd4 g6 19. b3 Qa6 20. Nxc6 gxh5 21.
Nxe7+ Kf8 22. Nd5 Rac8 23. Qd2 b5 24. Bb4+ Kg8 25. Ne7+ Kh8 26. Nxc8 Qxc8 27.
Rd1 Qc6 28. h3 Qc7 29. Ba5 1-0

[Event "Skakliga 2007-08"]
[Site "Denmark"]
[Date "2008.04.12"]
[Round "8.6"]
[White "Jacobsen, Bo"]
[Black "Palm, Nikolaj"]
[Result "1-0"]
[WhiteElo "2317"]
[BlackElo "2260"]
[PlyCount "68"]
[EventDate "2007.11.10"]
[EventType "team-tourn"]
[EventRounds "9"]
[EventCountry "DEN"]
[Source "ChessBase"]
[SourceDate "2003.11.25"]
[WhiteTeam "Aarhus/Skolerne"]
[BlackTeam "Bronshoj"]
[WhiteTeamCountry "DEN"]
[BlackTeamCountry "DEN"]

1. g3 d5 2. Nf3 e6 3. Bg2 Nf6 4. O-O Be7 5. b3 O-O 6. Bb2 b6 7. c4 Bb7 8. e3 c5
9. Qe2 Nc6 10. Nc3 dxc4 11. bxc4 Nb4 12. d4 cxd4 13. exd4 Rc8 14. a3 Nc6 15.
Rfd1 Na5 16. d5 exd5 17. cxd5 Re8 18. Qd3 Nd7 19. Nd4 Nc5 20. Qf3 Qd7 21. Nf5
Bf6 22. Nh6+ Kh8 23. Ng4 Bd8 24. Qf4 Ncb3 25. Ne4 f5 26. Nef6 gxf6 27. Nxf6
Bxf6 28. Bxf6+ Kg8 29. Qg5+ Kf8 30. Bh3 Nxa1 31. Bxf5 Qf7 32. Bxa1 Rc4 33. Qh6+
Kg8 34. Be6 Rxe6 1-0

[Event "Skakliga 2007-08"]
[Site "Denmark"]
[Date "2008.04.12"]
[Round "8.7"]
[White "Aabling Thomsen, Jakob"]
[Black "Christensen, Tobias"]
[Result "0-1"]
[WhiteElo "2269"]
[BlackElo "2321"]
[PlyCount "46"]
[EventDate "2007.11.10"]
[EventType "team-tourn"]
[EventRounds "9"]
[EventCountry "DEN"]
[Source "ChessBase"]
[SourceDate "2003.11.25"]
[WhiteTeam "Bronshoj"]
[BlackTeam "Aarhus/Skolerne"]
[WhiteTeamCountry "DEN"]
[BlackTeamCountry "DEN"]

1. e4 g6 2. d4 Bg7 3. Nc3 c6 4. Be3 Qb6 5. Bc4 Qxb2 6. Nge2 Qb4 7. Qd3 d6 8.
O-O Nf6 9. Rab1 Qa5 10. f4 b5 11. Bb3 b4 12. e5 Bf5 13. Qd1 Ng4 14. Bc1 bxc3
15. h3 Nh6 16. g4 Bd7 17. Qd3 dxe5 18. dxe5 Na6 19. f5 Nc5 20. Qf3 Nxb3 21. f6
Nxc1 22. Rbxc1 Qc5+ 23. Rf2 O-O 0-1

[Event "Skakliga 2007-08"]
[Site "Denmark"]
[Date "2008.04.12"]
[Round "8.8"]
[White "Pedersen, Finn"]
[Black "Ligaard, Morten Lund"]
[Result "1/2-1/2"]
[WhiteElo "2262"]
[BlackElo "2202"]
[PlyCount "88"]
[EventDate "2007.11.10"]
[EventType "team-tourn"]
[EventRounds "9"]
[EventCountry "DEN"]
[Source "ChessBase"]
[SourceDate "2003.11.25"]
[WhiteTeam "Aarhus/Skolerne"]
[BlackTeam "Bronshoj"]
[WhiteTeamCountry "DEN"]
[BlackTeamCountry "DEN"]

1. g3 d5 2. Bg2 Nf6 3. b3 e5 4. c4 dxc4 5. bxc4 Qd4 6. Nc3 Qxc4 7. Rb1 c6 8.
Nf3 Bd6 9. O-O O-O 10. Qc2 h6 11. d3 Qe6 12. e4 c5 13. Na4 b6 14. d4 cxd4 15.
Nxd4 exd4 16. e5 Nd5 17. exd6 Qxd6 18. Ba3 Qxa3 19. Bxd5 Bd7 20. Bxa8 Bxa4 21.
Qc4 Rd8 22. Qc7 Qd6 23. Qxa7 b5 24. Bf3 Nc6 25. Qb7 Ne5 26. Bd1 d3 27. Bxa4
bxa4 28. Qe4 f5 29. Qf4 Qd5 30. f3 Nc4 31. Rb8 Rxb8 32. Qxb8+ Kh7 33. Qf4 g5
34. Qc7+ Kg6 35. h4 d2 36. Kh2 d1=Q 37. h5+ Kf6 38. Rxd1 Qxd1 39. Qxc4 Qd2+ 40.
Kh3 Qd1 41. Qc6+ Ke7 42. Qc5+ Ke6 43. Qc8+ Qd7 44. Qa6+ Ke5 1/2-1/2

[Event "Skakliga 2007-08"]
[Site "Denmark"]
[Date "2008.04.12"]
[Round "8.1"]
[White "Nielsen, Peter Heine"]
[Black "Hansen, Sune Berg"]
[Result "1/2-1/2"]
[WhiteElo "2628"]
[BlackElo "2567"]
[PlyCount "110"]
[EventDate "2007.11.10"]
[EventType "team-tourn"]
[EventRounds "9"]
[EventCountry "DEN"]
[Source "ChessBase"]
[SourceDate "2003.11.25"]
[WhiteTeam "Helsinge"]
[BlackTeam "Helsingor"]
[WhiteTeamCountry "DEN"]
[BlackTeamCountry "DEN"]

1. d4 d5 2. c4 c6 3. Nc3 Nf6 4. e3 g6 5. Nf3 Bg7 6. Be2 O-O 7. O-O Be6 8. b3
Bg4 9. Bb2 e6 10. h3 Bxf3 11. Bxf3 Re8 12. Qc2 Nbd7 13. Rfd1 Rc8 14. g3 Qc7 15.
Bg2 Qb8 16. Rac1 a6 17. a4 a5 18. Ne2 Qa7 19. Nf4 Red8 20. Bc3 Ra8 21. h4 Re8
22. Nd3 Rad8 23. Rb1 Ng4 24. Bh3 Ngf6 25. Be1 Ne4 26. Bg2 f5 27. cxd5 exd5 28.
b4 axb4 29. Rxb4 Rc8 30. a5 Rc7 31. Rdb1 Ra8 32. Nf4 Ndf6 33. Bxe4 fxe4 34. Qb3
Qxa5 35. Rxb7 Rxb7 36. Qxb7 Qa6 37. Qe7 Re8 38. Qd6 Kf7 39. Rc1 Bf8 40. Qxc6
Qxc6 41. Rxc6 Rb8 42. Ba5 Rb1+ 43. Kg2 Rb2 44. Be1 Bh6 45. Rc7+ Kg8 46. Kf1
Bxf4 47. gxf4 Ng4 48. Rc5 Nh2+ 49. Kg2 Nf3 50. Ba5 Rb1 51. Rxd5 Rg1+ 52. Kh3
Rh1+ 53. Kg2 Rg1+ 54. Kh3 Rh1+ 55. Kg2 Rg1+ 1/2-1/2

[Event "Skakliga 2007-08"]
[Site "Denmark"]
[Date "2008.04.12"]
[Round "8.2"]
[White "Mortensen, Erling"]
[Black "Berg, Emanuel"]
[Result "0-1"]
[WhiteElo "2456"]
[BlackElo "2593"]
[PlyCount "136"]
[EventDate "2007.11.10"]
[EventType "team-tourn"]
[EventRounds "9"]
[EventCountry "DEN"]
[Source "ChessBase"]
[SourceDate "2003.11.25"]
[WhiteTeam "Helsingor"]
[BlackTeam "Helsinge"]
[WhiteTeamCountry "DEN"]
[BlackTeamCountry "DEN"]

1. e4 c5 2. Nf3 d6 3. d4 cxd4 4. Nxd4 Nf6 5. Nc3 a6 6. Be2 e5 7. Nb3 Be7 8. Be3
Be6 9. Qd2 O-O 10. O-O-O Nbd7 11. f4 b5 12. Kb1 Rc8 13. Rhg1 Bc4 14. Bd3 Ng4
15. Nd5 Bxd5 16. exd5 Nxe3 17. Qxe3 exf4 18. Qxf4 Ne5 19. Nd4 g6 20. Rgf1 Bg5
21. Qg3 Bh4 22. Qf4 Bg5 23. Qg3 Bh4 24. Qf4 Rc5 25. Nc6 Nxc6 26. dxc6 Rxc6 27.
Be4 Rc4 28. Qf3 Qc7 29. Qd3 Bg5 30. g3 Bh6 31. Bd5 Rc5 32. h4 Bg7 33. h5 Qe7
34. hxg6 hxg6 35. c3 Qg5 36. Rf3 Be5 37. Rdf1 Rc7 38. Qe4 Kg7 39. g4 Re7 40.
Qe3 Qxe3 41. Rxe3 Rh8 42. Re4 Rh2 43. Rd1 a5 44. a3 Rc7 45. Rde1 Rc5 46. Bb3 f6
47. R4e2 Rh4 48. Rg2 Kh6 49. Rd1 Kg5 50. Be6 Rc7 51. Rd5 Rb7 52. Bc8 Rb8 53.
Bd7 b4 54. cxb4 axb4 55. axb4 Rxb4 56. Rdd2 Rh7 57. Bc8 Rc7 58. Rc2 Rxb2+ 59.
Rxb2 Bxb2 60. Be6 Be5 61. Ka2 Rc3 62. Rg1 Re3 63. Bf7 Rd3 64. Kb1 d5 65. Kc2
Rc3+ 66. Kd2 d4 67. Be6 Bf4+ 68. Ke2 Re3+ 0-1

[Event "Skakliga 2007-08"]
[Site "Denmark"]
[Date "2008.04.12"]
[Round "8.3"]
[White "Schandorff, Lars"]
[Black "Nielsen, Nicholas Roland"]
[Result "1/2-1/2"]
[WhiteElo "2525"]
[BlackElo "2219"]
[PlyCount "50"]
[EventDate "2007.11.10"]
[EventType "team-tourn"]
[EventRounds "9"]
[EventCountry "DEN"]
[Source "ChessBase"]
[SourceDate "2003.11.25"]
[WhiteTeam "Helsinge"]
[BlackTeam "Helsingor"]
[WhiteTeamCountry "DEN"]
[BlackTeamCountry "DEN"]

1. Nf3 Nf6 2. c4 e6 3. Nc3 d5 4. d4 Be7 5. Bf4 O-O 6. e3 b6 7. Bd3 dxc4 8. Bxc4
Bb7 9. Qc2 Nc6 10. a3 Na5 11. Ba2 c5 12. dxc5 bxc5 13. O-O Qb6 14. Rfd1 Rad8
15. e4 Nc6 16. Na4 Qa5 17. e5 Nd5 18. Bxd5 Rxd5 19. Rxd5 exd5 20. Bg5 Rc8 21.
Bxe7 Nxe7 22. Rc1 d4 23. Ng5 Ng6 24. Qf5 Rc7 25. Nxc5 Qd2 1/2-1/2